[Event "OHS 2014"]
[Site "Herne"]
[Date "2014.01.27"]
[Round "1.1"]
[White "Langers, Alexander"]
[Black "Matrisch, Gerd"]
[Result "1-0"]
[WhiteElo "2187"]
[BlackElo "1692"]
[PlyCount "49"]
[WhiteTeam "SK Herne-Sodingen"]
[BlackTeam "SV Unser Fritz Wanne-Eickel"]

1. d4 d5 2. c4 e6 3. Nc3 Nf6 4. Nf3 Be7 5. e3 O-O 6. Qc2 Nbd7 7.
Bd3 dxc4 8. Bxc4 Nb6 9. Be2 Bd7 10. O-O c5 11. dxc5 Bxc5 12. e4 Rc8 13. Bg5 Be7
14. Rad1 Qc7 15. Qb1 Bc6 16. Bh4 Rfd8 17. Bg3 Bd6 18. e5 Bxf3 19. exd6 Qxc3 20.
bxc3 Bxe2 21. Qb3 Bxf1 22. Kxf1 Ne4 23. Be5 f6 24. Qxe6+ Kh8 25. d7 1-0

[Event "OHS 2014"]
[Site "Herne"]
[Date "2014.01.27"]
[Round "1.2"]
[White "Domnik, Roland"]
[Black "Wickenfeld, Stefan"]
[Result "0-1"]
[WhiteElo "1678"]
[BlackElo "2182"]
[PlyCount "98"]
[WhiteTeam "SV Eichlinghofen"]
[BlackTeam "SK Herne-Sodingen"]

1. d4 d5 2. c4 c6 3. cxd5 cxd5 4. Nf3 Nf6 5. Nc3 e6 6. Qc2 Nc6 7.
a3 Bd7 8. Bg5 Be7 9. e3 Rc8 10. Bd3 h6 11. Bh4 O-O 12. O-O a6 13. Rac1 b5 14.
Qe2 Na5 15. Ne5 Nc4 16. Nxd7 Nxd7 17. Bg3 Qa5 18. Na2 Ndb6 19. f4 Qd2 20. Qxd2
Nxd2 21. Rxc8 Rxc8 22. Rf2 Ne4 23. Bxe4 dxe4 24. Re2 Nd5 25. Be1 Kf8 26. Kf2
Ke8 27. g3 Kd7 28. Ba5 Rc4 29. Nc3 Nxc3 30. Bxc3 Bxa3 31. d5 Bf8 32. dxe6+ Kxe6
33. Bd4 g6 34. b3 Rc6 35. Ra2 Bb4 36. Ke2 Kd5 37. Kd1 h5 38. h3 Bc3 39. Bxc3
Rxc3 40. Ke2 Rxb3 41. Rxa6 Rb2+ 42. Kf1 Rh2 43. Rf6 Kc4 44. Rxf7 Kd3 45. Rb7
Kxe3 46. Rxb5 Kf3 47. Rb3+ e3 48. Kg1 Rxh3 49. Rxe3+ Kxe3 0-1

[Event "OHS 2014"]
[Site "?"]
[Date "2014.01.27"]
[Round "1.3"]
[White "Quast, Marcel"]
[Black "Schäfer, Michael"]
[Result "1/2-1/2"]
[WhiteElo "2137"]
[BlackElo "1672"]
[PlyCount "44"]
[EventDate "2014.02.01"]
[SourceDate "2014.02.01"]

1. e4 c5 2. d4 cxd4 3. c3 g6 4. cxd4 Bg7 5. Nc3 d6 6. Nf3 Bg4 7. Bc4 e6 8. Be3
a6 9. O-O Ne7 10. h3 Bxf3 11. Qxf3 O-O 12. Bb3 b5 13. Rac1 Nd7 14. Rfd1 Nb6 15.
d5 exd5 16. Nxd5 Nbxd5 17. Bxd5 Nxd5 18. Rxd5 Bxb2 19. Rcd1 Qa5 20. Rxd6 Qxa2
21. R6d2 Qa3 22. Rd3 Qe7 1/2-1/2

[Event "OHS 2014"]
[Site "?"]
[Date "2014.01.27"]
[Round "1.4"]
[White "Nagel, Frank"]
[Black "Kiese, Matthias, Prof.Dr."]
[Result "1/2-1/2"]
[WhiteElo "1671"]
[BlackElo "2121"]
[PlyCount "63"]
[EventDate "2014.02.01"]
[SourceDate "2014.02.01"]

1. d4 d5 2. c4 e6 3. Nc3 Nf6 4. Bg5 Be7 5. e3 O-O 6. Nf3 Nbd7 7. cxd5 exd5 8.
Bd3 c6 9. O-O Re8 10. Qc2 Nf8 11. Rfe1 Be6 12. a3 a5 13. Na4 N6d7 14. Bf4 Bg4
15. Nd2 Bh5 16. Rac1 Bg6 17. Bxg6 hxg6 18. Nf3 Ne6 19. Bg3 Nf6 20. Qb3 Ra7 21.
Nc3 Nh5 22. Ne2 a4 23. Qc2 Nxg3 24. Nxg3 Bd6 25. Nf1 Qf6 26. N1d2 Qf5 27. e4
dxe4 28. Rxe4 Rd8 29. Rce1 Bf8 30. Qc3 Qa5 31. Qe3 Qf5 32. Ne5 1/2-1/2

Event "OHS 2014"]
[Site "?"]
[Date "2014.01.27"]
[Round "1.5"]
[White "Aulich, Marcell"]
[Black "Schuhmann, Burkhard"]
[Result "1-0"]
[WhiteElo "2135"]
[BlackElo "1669"]
[PlyCount "67"]
[EventDate "2014.02.01"]
[SourceDate "2014.02.01"]

1. e4 c5 2. Nf3 Nc6 3. d4 cxd4 4. Nxd4 e5 5. Nb5 a6 6. Nd6+ Bxd6 7. Qxd6 Qf6 8.
Qc7 Nge7 9. Nc3 Nb4 10. Bd3 d5 11. exd5 Nbxd5 12. Nxd5 Nxd5 13. Qc5 Be6 14. O-O
Qe7 15. Qxe7+ Nxe7 16. Re1 Nc6 17. Be4 O-O-O 18. Be3 Kc7 19. a4 a5 20. f4 exf4
21. Bxf4+ Kc8 22. c3 g6 23. b4 Rhe8 24. Bxc6 bxc6 25. bxa5 Bd5 26. a6 c5 27.
Reb1 Kd7 28. Rb7+ Ke6 29. Rb6+ Kf5 30. Bc7 Rd7 31. Rf1+ Kg5 32. Bf4+ Kh5 33. h3
Re6 34. g4+ 1-0

[Event "OHS 2014"]
[Site "?"]
[Date "2014.01.27"]
[Round "1.6"]
[White "Wingerning, Gerd"]
[Black "Trzaska, Peter"]
[Result "0-1"]
[WhiteElo "1666"]
[BlackElo "2069"]
[PlyCount "54"]
[EventDate "2014.02.01"]
[SourceDate "2014.02.01"]

1. e4 c6 2. d4 d5 3. e5 Bf5 4. c4 dxc4 5. Bxc4 Bxb1 6. Rxb1 e6 7. b4 Ne7 8. Bg5
h6 9. Bxe7 Bxe7 10. f4 g6 11. Qd3 b5 12. Bb3 Bxb4+ 13. Kf1 Be7 14. g4 Nd7 15.
Nf3 Nc5 16. Qc2 Nxb3 17. Qxc6+ Kf8 18. axb3 h5 19. Rg1 hxg4 20. Rxg4 Rc8 21.
Qxb5 Qc7 22. Qc4 Qb7 23. Qd3 Bb4 24. Rh4 Rxh4 25. Nxh4 Rc3 26. Qd1 Qe4 27. Kg1
Rd3 0-1

[Event "OHS 2014"]
[Site "?"]
[Date "2014.01.27"]
[Round "1.7"]
[White "Hahn, Matthias"]
[Black "Sikorski, Thomas"]
[Result "1-0"]
[WhiteElo "2060"]
[BlackElo "1657"]
[PlyCount "67"]
[EventDate "2014.02.01"]
[SourceDate "2014.02.01"]

1. d4 c6 2. c4 d6 3. Nc3 Nd7 4. Nf3 e5 5. g3 Ngf6 6. Bg2 Be7 7. O-O O-O 8. h3
Qc7 9. e4 Rd8 10. Be3 exd4 11. Nxd4 Ne5 12. b3 Bd7 13. Rc1 Qc8 14. Kh2 Qc7 15.
Qe2 Qa5 16. Qd2 Qc7 17. f4 Ng6 18. Nf3 Bf8 19. Bd4 Be7 20. Rcd1 Bc8 21. Qf2 Qa5
22. Kg1 Qh5 23. f5 Nf8 24. g4 Nxg4 25. hxg4 Qxg4 26. Rd3 c5 27. Nd5 Rd7 28.
Nxe7+ Rxe7 29. Nh2 Qh5 30. Rh3 Qg5 31. Rg3 Qxg3 32. Qxg3 cxd4 33. f6 Re6 34.
Qxg7# 1-0

[Event "17. OHS"]
[Site "Herne"]
[Date "2014.01.27"]
[Round "1.8"]
[White "Ribbeheger, Edgar"]
[Black "Hufnagel, Markus"]
[Result "1-0"]
[WhiteElo "1962"]
[BlackElo "1577"]
[PlyCount "79"]
[WhiteTeam "SK Herne-Sodingen"]
[BlackTeam "SV Mülheim-Nord"]

1. e4 c5 2. Nf3 Nc6 3. d4 cxd4 4. Nxd4 d6 5. c4 Nf6 6. Nc3 g6 7.
Be2 Bg7 8. Be3 Ne5 9. h3 Bd7 10. Rc1 Rc8 11. b3 O-O 12. O-O Bc6 13. f4 Ned7 14.
Bf3 a6 15. Qd2 Qc7 16. Rfd1 Rfd8 17. g4 Nc5 18. Qg2 e5 19. Nxc6 bxc6 20. fxe5
Nfd7 21. exd6 Qa5 22. Qd2 Ne6 23. Nd5 Qxd2 24. Ne7+ Kf8 25. Rxd2 Ne5 26. Be2
Rb8 27. g5 c5 28. Rd5 Rb6 29. Rcd1 Nd4 30. Bxd4 cxd4 31. c5 Rb7 32. c6 Nxc6 33.
Nxc6 Rdd7 34. Bg4 h6 35. Bxd7 Rxd7 36. gxh6 Bxh6 37. Ne5 Rd8 38. d7 Be3+ 39.
Kg2 Ke7 40. Nc6+ 1-0

[Event "OHS 2014"]
[Site "?"]
[Date "2014.01.27"]
[Round "1.9"]
[White "Stenzel, Gerhard"]
[Black "Winterkamp, Sascha"]
[Result "0-1"]
[WhiteElo "1617"]
[BlackElo "1950"]
[PlyCount "72"]
[EventDate "2014.02.01"]
[SourceDate "2014.02.01"]

1. d4 Nf6 2. c4 c5 3. d5 e6 4. Nc3 exd5 5. cxd5 d6 6. e4 g6 7. Bb5+ Nbd7 8.
Nge2 Bg7 9. O-O a6 10. Bd3 b5 11. a3 O-O 12. Bg5 Qb6 13. Bc2 Ne5 14. Qc1 Re8
15. f3 Bd7 16. Be3 Qc7 17. h3 Rac8 18. Bh6 Bh8 19. Qd1 Nc4 20. b3 Nb6 21. Rc1
Nh5 22. g4 Nf6 23. Be3 a5 24. Qe1 b4 25. axb4 axb4 26. Nb1 Nfxd5 27. Bf2 Bb5
28. Rd1 Bxe2 29. Qxe2 Nf4 30. Qd2 Nxh3+ 31. Kg2 Nxf2 32. Rxf2 Rcd8 33. Rh1 Bg7
34. Rff1 d5 35. exd5 Nxd5 36. Qc1 Nf4+ 0-1

[Event "OHS 2014"]
[Site "Herne"]
[Date "2014.01.27"]
[Round "1.10"]
[White "Grunwald, Günther"]
[Black "Gorzinski, Dariusz"]
[Result "0-1"]
[WhiteElo "1566"]
[BlackElo "1942"]
[PlyCount "58"]
[WhiteTeam "SV Schwarz-Weiß Oberhausen"]
[BlackTeam "Märkischer Springer Halver-Schalksmühle"]

1. e4 c6 2. d4 d5 3. exd5 cxd5 4. c4 Nf6 5. Nf3 Nc6 6. Be2 Bg4 7.
b3 e6 8. O-O Be7 9. Ba3 O-O 10. Bxe7 Qxe7 11. Nc3 Rfd8 12. c5 Bxf3 13. Bxf3 e5
14. dxe5 Nxe5 15. b4 a5 16. a3 axb4 17. axb4 Rxa1 18. Qxa1 Nxf3+ 19. gxf3 Nh5
20. Qc1 Qh4 21. Ne2 Qxb4 22. Qg5 Nf6 23. Nf4 h6 24. Qf5 Qxc5 25. Nd3 Qc8 26.
Qe5 Re8 27. Qb2 Qf5 28. Qb5 Qxf3 29. Nc5 Re5 0-1

[Event "OHS 2014"]
[Site "Herne"]
[Date "2014.01.27"]
[Round "1.11"]
[White "Fischöder, Heiko"]
[Black "Bleich, Karl-Heinz"]
[Result "1-0"]
[WhiteElo "1934"]
[BlackElo "1554"]
[PlyCount "57"]
[WhiteTeam "SV Unser Fritz Wanne-Eickel"]
[BlackTeam "RSG Läufer-Ost"]

1. d4 Nf6 2. c4 g6 3. Nc3 Bg7 4. e4 d6 5. f4 Nbd7 6. e5 Ng8 7. Nf3
Nh6 8. Be3 O-O 9. c5 Ng4 10. Bg1 dxe5 11. dxe5 c6 12. Bc4 e6 13. Ng5 Nh6 14.
Qd2 Qa5 15. a3 Rd8 16. O-O-O Bf8 17. Nxe6 Re8 18. Nxf8 Nxf8 19. Ne4 Bf5 20.
Qxa5 Bxe4 21. Bd4 Bxg2 22. Rhg1 Be4 23. Qe1 Bf5 24. Qh4 Ng4 25. Rxg4 Bxg4 26.
Qxg4 Ne6 27. f5 h5 28. Qg1 Nxd4 29. Qxd4 1-0

[Event "OHS 2014"]
[Site "?"]
[Date "2014.01.27"]
[Round "1.12"]
[White "Seibert, Joachim"]
[Black "Wolff, Christoph"]
[Result "0-1"]
[WhiteElo "1558"]
[BlackElo "1931"]
[PlyCount "56"]
[EventDate "2014.02.01"]
[SourceDate "2014.02.01"]

1. e4 c5 2. Nf3 e6 3. d4 cxd4 4. Nxd4 Nf6 5. Bd3 Nc6 6. Nxc6 bxc6 7. Bg5 Qa5+
8. Qd2 Bb4 9. c3 Be7 10. Be3 Ng4 11. Bf4 e5 12. Bg3 O-O 13. O-O Rb8 14. f3 Nf6
15. Kh1 Nh5 16. Bf2 Nf4 17. b4 Qc7 18. Bc2 d5 19. Be3 Rd8 20. Qf2 d4 21. cxd4
exd4 22. Bxd4 Rxd4 23. Qxd4 Bf6 24. e5 Qxe5 25. Qxa7 Qe2 26. Rg1 Be5 27. Bb3
Bh3 28. Qxb8+ Bxb8 0-1

[Event "17. OHS"]
[Site "Herne"]
[Date "2014.01.27"]
[Round "1.13"]
[White "Bittner, Reinhard"]
[Black "Wiese, Thomas"]
[Result "1-0"]
[WhiteElo "1502"]
[BlackElo "1917"]
[PlyCount "53"]
[WhiteTeam "SV Unser Fritz Wanne-Eickel"]
[BlackTeam "SV Kamen"]

1. d4 Nf6 2. Nf3 e6 3. c3 b6 4. Bg5 Bb7 5. e3 Be7 6. Nbd2 d6 7.
Bd3 Nbd7 8. O-O h6 9. Bh4 g5 10. Bg3 Nh5 11. e4 Nxg3 12. hxg3 Bf6 13. Nh2 Qe7
14. Qe2 O-O-O 15. a4 h5 16. a5 Nb8 17. axb6 axb6 18. Ra2 Rdg8 19. e5 Bg7 20.
Re1 g4 21. exd6 cxd6 22. Nc4 Qc7 23. Ne3 Re8 24. Bb5 Re7 25. Nf5 exf5 26. Qxe7
Qxe7 27. Rxe7 1-0

[Event "?"]
[Site "?"]
[Date "2014.01.27"]
[Round "1.14"]
[White "Göldenboog, Jürgen"]
[Black "Krolik, Wilfrid"]
[Result "1-0"]
[WhiteElo "1922"]
[BlackElo "1512"]
[PlyCount "59"]
[EventDate "2014.02.01"]
[SourceDate "2014.02.01"]

1. d4 d5 2. c4 e6 3. Nc3 Nf6 4. Bg5 Be7 5. e3 Nbd7 6. Nf3 O-O 7. cxd5 exd5 8.
Bd3 c5 9. O-O cxd4 10. Nxd4 Nb6 11. Qc2 g6 12. f4 Ng4 13. Bxe7 Qxe7 14. Rae1 f5
15. h3 Nf6 16. Qb3 Kh8 17. Nf3 Qc5 18. Ne5 Be6 19. Nb5 Ne4 20. Bxe4 fxe4 21.
Rc1 Nc4 22. Nxc4 dxc4 23. Qc3+ Kg8 24. Nd4 Bf7 25. f5 Qe5 26. Rf4 g5 27. Rg4 h6
28. h4 Kh7 29. hxg5 hxg5 30. Ne6 1-0

[Event "OHS 2014"]
[Site "Herne"]
[Date "2014.01.27"]
[Round "1.15"]
[White "Melmer, Felix"]
[Black "Burosch, Raimund"]
[Result "1-0"]
[WhiteElo "1899"]
[BlackElo "1449"]
[PlyCount "83"]
[WhiteTeam "SC Gerthe 46 - Werne"]
[BlackTeam "SV Unna"]

1. f4 c5 2. Nf3 e6 3. e4 d6 4. Nc3 a6 5. a4 g6 6. Be2 Bg7 7. O-O
Ne7 8. Kh1 Nbc6 9. Qe1 Bd7 10. d3 Qc8 11. Qh4 h6 12. Nd2 Nd4 13. Bd1 b5 14. Nf3
Nec6 15. Qg3 bxa4 16. f5 Nxf3 17. fxg6 f6 18. Qxf3 Ne5 19. Qh5 Ke7 20. Nxa4
Bxa4 21. Rxa4 Qe8 22. Ra3 Qxg6 23. Qh3 h5 24. c3 c4 25. d4 Nd3 26. Bf3 Nxc1 27.
Rxc1 Qg5 28. Rd1 Rhb8 29. d5 Qe5 30. Ra2 Ra7 31. dxe6 a5 32. Qxh5 Qxh5 33. Bxh5
Kxe6 34. Be2 Ke5 35. Bxc4 Rab7 36. Rxa5+ Kxe4 37. Re1+ Kf4 38. Bd3 f5 39. Rxf5+
Kg4 40. h3+ Kg3 41. Re3+ Kh4 42. Re4+ 1-0

[Event "OHS 2014"]
[Site "?"]
[Date "2014.01.27"]
[Round "1.16"]
[White "Kempken, Reinhold"]
[Black "Schmidt, Ralph"]
[Result "0-1"]
[WhiteElo "1587"]
[BlackElo "1876"]
[PlyCount "36"]
[EventDate "2014.02.01"]
[SourceDate "2014.02.01"]

1. e4 e5 2. f4 exf4 3. Bc4 Nf6 4. Qe2 Bc5 5. Nf3 O-O 6. d4 Re8 7. e5 Bb6 8.
Bxf4 Nc6 9. c3 d6 10. Nbd2 dxe5 11. dxe5 Nd5 12. Bg5 f6 13. Qe4 Be6 14. Bd3 g6
15. Bh4 Bf5 16. Qe2 Bxd3 17. Qxd3 Nxe5 18. Nxe5 Rxe5+ 0-1

[Event "OHS 2014"]
[Site "Herne"]
[Date "2014.01.27"]
[Round "1.17"]
[White "Tunkel, Stefan"]
[Black "Mrowetz, Josef"]
[Result "1-0"]
[WhiteElo "1853"]
[BlackElo "1382"]
[PlyCount "55"]
[WhiteTeam "SV Recklinghausen Süd"]
[BlackTeam "vereinslos"]

1. d4 Nf6 2. Nf3 d5 3. c4 c5 4. dxc5 Qa5+ 5. Bd2 Qxc5 6. cxd5 Ng4
7. e3 Qxd5 8. Nc3 Qd8 9. Bb5+ Nc6 10. Nd4 Nge5 11. f4 a6 12. Bxc6+ Nxc6 13.
Nxc6 bxc6 14. O-O e6 15. Qf3 Bb7 16. Rad1 Qf6 17. Ne4 Qg6 18. Bc3 Be7 19. Be5
Ra7 20. Nd6+ Bxd6 21. Bxd6 f6 22. Bc5 Ra8 23. e4 Rb8 24. f5 Qf7 25. fxe6 Qxe6
26. e5 Rd8 27. exf6 Rxd1 28. f7+ 1-0

[Event "OHS 2014"]
[Site "?"]
[Date "2014.01.27"]
[Round "1.18"]
[White "Kümmel, Hans-Jürgen"]
[Black "Mittelbachert, Ulrich"]
[Result "0-1"]
[WhiteElo "1314"]
[BlackElo "1847"]
[PlyCount "83"]
[EventDate "2014.02.01"]
[SourceDate "2014.02.01"]

1. Nf3 g6 2. d4 Bg7 3. g3 d6 4. Bg2 Nd7 5. c4 Ngf6 6. Nc3 O-O 7. O-O c6 8. Re1
e5 9. dxe5 dxe5 10. Bg5 h6 11. Bxf6 Qxf6 12. Ne4 Qe7 13. Qc2 Nc5 14. Nxc5 Qxc5
15. Nd2 Be6 16. Rac1 f5 17. e3 Rad8 18. Nb3 Qe7 19. Red1 g5 20. c5 Rxd1+ 21.
Rxd1 Rd8 22. Rxd8+ Qxd8 23. Nc1 Qa5 24. b3 Qe1+ 25. Bf1 e4 26. Ne2 Qa1 27. Kg2
Kf7 28. Qd2 Qb2 29. Qxb2 Bxb2 30. f3 Bd5 31. Ng1 exf3+ 32. Kf2 g4 33. Bd3 Kf6
34. h4 Ba3 35. Bc4 Ke5 36. Bxd5 Kxd5 37. Nxf3 gxf3 38. Kxf3 h5 39. Kf4 Ke6 40.
e4 Bc1+ 41. Kf3 Ke5 42. exf5 0-1

[Event "OHS 2014"]
[Site "Herne"]
[Date "2014.01.27"]
[Round "1.19"]
[White "Markert, Dirk,Dr."]
[Black "Nioduschewski, Nils"]
[Result "1-0"]
[WhiteElo "1840"]
[BlackElo "1331"]
[PlyCount "75"]
[WhiteTeam "SV Kamen"]
[BlackTeam "SV Unser Fritz Wanne-Eickel"]

1. e4 e5 2. Nf3 d6 3. d4 exd4 4. Nxd4 Nf6 5. Nc3 Be7 6. Bd3 O-O 7.
h3 c5 8. Nf3 Nc6 9. Be3 Nb4 10. Be2 b6 11. a3 Nc6 12. O-O Bb7 13. Bc4 Ne5 14.
Bd5 Nxf3+ 15. Qxf3 Nxd5 16. Nxd5 Bxd5 17. exd5 Bf6 18. Rab1 Re8 19. c4 a5 20.
a4 Qd7 21. b3 Rad8 22. Rbd1 Qe7 23. Rfe1 Qe4 24. Qxe4 Rxe4 25. f3 Re5 26. Bf4
Rxe1+ 27. Rxe1 Kf8 28. Re4 g5 29. Bg3 Be7 30. f4 h6 31. Kf2 Rd7 32. Kf3 Kg7 33.
Be1 f6 34. Re6 Kf7 35. fxg5 hxg5 36. Kg4 Kg7 37. Kf5 Kf7 38. Bc3 1-0

[Event "OHS 2014"]
[Site "Herne"]
[Date "2014.01.27"]
[Round "1.20"]
[White "Wickenfeld, Udo"]
[Black "Löffelbein, Klaus"]
[Result "0-1"]
[WhiteElo "1323"]
[BlackElo "1836"]
[PlyCount "78"]
[WhiteTeam "SC Recklinghausen Altstadt 06"]
[BlackTeam "SC Gerthe 46 - Werne"]

1. d4 Nf6 2. c4 e6 3. Nf3 c5 4. d5 exd5 5. cxd5 d6 6. Nc3 g6 7. e4
Bg7 8. Bd3 O-O 9. O-O a6 10. Re1 b5 11. a3 Bg4 12. Bg5 Nbd7 13. Be2 Re8 14. Nd2
Bxe2 15. Qxe2 h6 16. Bf4 Qb6 17. Nf3 Nh5 18. Bd2 Re7 19. Qd3 Rae8 20. Re2 c4
21. Qc2 Nc5 22. Be3 Qc7 23. Bxc5 Qxc5 24. Qd2 Bxc3 25. bxc3 Rxe4 26. Rxe4 Rxe4
27. Re1 Rxe1+ 28. Nxe1 Qxa3 29. Nc2 Qb2 30. g3 a5 31. Kf1 b4 32. cxb4 axb4 33.
Ke2 c3 34. Qd3 b3 35. Kd1 Qb1+ 36. Ke2 Qxc2+ 37. Ke3 Qxd3+ 38. Kxd3 c2 39. Kd2
Nf6 0-1

[Event "OHS 2014"]
[Site "Herne"]
[Date "2014.01.27"]
[Round "1.21"]
[White "Heinz, Hans-Werner"]
[Black "Funke, Eckhard"]
[Result "0-1"]
[WhiteElo "1211"]
[BlackElo "1834"]
[PlyCount "60"]
[WhiteTeam "SC Gerthe 46 - Werne"]
[BlackTeam "SV Unser Fritz Wanne-Eickel"]

1. d4 Nf6 2. e3 d5 3. c3 e6 4. Nf3 c5 5. h3 Nc6 6. Be2 Bd6 7. O-O
O-O 8. Nbd2 Re8 9. Re1 e5 10. dxe5 Nxe5 11. c4 Nxc4 12. Nxc4 dxc4 13. Bxc4 Bf5
14. Qb3 Qc7 15. Ng5 Bg6 16. f4 Bxf4 17. Nf3 Bg3 18. Rf1 a6 19. Bd2 b5 20. Be2
c4 21. Qc3 Ne4 22. Qc1 Bh5 23. Be1 Bxe1 24. Qxe1 Ng3 25. Rf2 Rxe3 26. Rd1 Rae8
27. Rd2 Bxf3 28. gxf3 Qe7 29. Qd1 Nxe2+ 30. Rdxe2 Rxe2 0-1

[Event "OHS 2014"]
[Site "Herne"]
[Date "2014.01.27"]
[Round "1.22"]
[White "Boost, Jürgen"]
[Black "Böcker, Marcus"]
[Result "1-0"]
[WhiteElo "1819"]
[BlackElo "1282"]
[PlyCount "75"]
[WhiteTeam "SC Gerthe 46 - Werne"]
[BlackTeam "SV Hattingen"]

1. e4 e6 2. d4 b6 3. Nf3 Bb7 4. Bd3 Nf6 5. Bg5 Be7 6. Qe2 d6 7.
O-O Nbd7 8. Re1 Nxe4 9. Bxe7 Qxe7 10. Bxe4 Bxe4 11. Qxe4 O-O 12. Nc3 Nf6 13.
Qc6 Rfc8 14. a4 a6 15. Rad1 h6 16. h3 Qd8 17. d5 e5 18. Qc4 Nd7 19. Qg4 c5 20.
dxc6 Rxc6 21. Re2 Nf6 22. Qh4 Qc7 23. Qb4 Rd8 24. Qb3 Kf8 25. Nd5 Nxd5 26. Rxd5
f6 27. Red2 g5 28. Qd3 Kg7 29. Ne1 a5 30. Qf5 Rc5 31. Qe6 Rxd5 32. Qxd5 Qd7 33.
b3 f5 34. Nd3 g4 35. hxg4 fxg4 36. Nxe5 Qf5 37. Nc4 Qf4 38. Qd4+ 1-0

[Event "OHS 2014"]
[Site "Herne"]
[Date "2014.01.27"]
[Round "1.24"]
[White "Müller-Kreth, Kai"]
[Black "Czarnecki, Günter"]
[Result "1-0"]
[WhiteElo "1801"]
[BlackElo "1083"]
[PlyCount "77"]
[WhiteTeam "SK Herne-Sodingen"]
[BlackTeam "SV Unser Fritz Wanne-Eickel"]

1. d4 d5 2. c4 dxc4 3. e3 Bf5 4. Bxc4 Nf6 5. Nc3 h6 6. Qb3 e6 7.
Qxb7 Nbd7 8. Nf3 Qb8 9. Qxb8+ Rxb8 10. O-O Bb4 11. a3 Bxc3 12. bxc3 Ne4 13. Bd2
Bg4 14. Be1 Bxf3 15. gxf3 Nd6 16. Bd3 O-O 17. Bd2 e5 18. Rab1 Rxb1 19. Rxb1 Re8
20. e4 Nb6 21. dxe5 Ndc4 22. Bc1 Nxe5 23. Be2 Rd8 24. Be3 Rb8 25. f4 Ned7 26.
c4 Re8 27. f3 f5 28. e5 Re6 29. c5 Nd5 30. Bc4 Rg6+ 31. Kf2 c6 32. Rb7 Nf8 33.
Rxa7 Ne6 34. a4 Nxe3 35. Kxe3 Kh7 36. Ra8 h5 37. Bxe6 Rxe6 38. a5 Re7 39. a6
1-0

[Event "OHS 2014"]
[Site "Herne"]
[Date "2014.01.27"]
[Round "1.25"]
[White "Pohl, Martin"]
[Black "Jordan, Klaus-Dieter"]
[Result "1-0"]
[WhiteElo "1764"]
[BlackElo "1142"]
[PlyCount "47"]
[WhiteTeam "SV Unser Fritz Wanne-Eickel"]
[BlackTeam "SC Recklinghausen Altstadt 06"]

1. c4 Nf6 2. g3 e6 3. Bg2 c6 4. d4 d5 5. c5 Be7 6. Nc3 O-O 7. f4
Nbd7 8. Nf3 h6 9. Ne5 Nxe5 10. fxe5 Nd7 11. O-O b6 12. b4 b5 13. a4 Ba6 14.
axb5 Bxb5 15. Nxb5 cxb5 16. e4 Nb8 17. exd5 exd5 18. Qb3 Nc6 19. Be3 Bg5 20.
Bxg5 hxg5 21. Bxd5 {[%emt 0:00:23]} Nxd4 22. Bxf7+ Rxf7 23.
Qxf7+ Kh7 24. Rfd1 1-0

[Event "OHS 2014"]
[Site "Herne"]
[Date "2014.01.27"]
[Round "1.26"]
[White "Czarnecki, Leo"]
[Black "Rath, Michael"]
[Result "0-1"]
[WhiteElo "1234"]
[BlackElo "1235"]
[PlyCount "62"]
[WhiteTeam "SV Unser Fritz Wanne-Eickel"]
[BlackTeam "SV KS Haltern"]

1. g3 e5 2. Nf3 d6 3. e4 f5 4. exf5 Bxf5 5. d3 Be7 6. Bg2 c6 7.
O-O Nf6 8. b3 O-O 9. Bb2 Nbd7 10. Nbd2 Qb6 11. Nc4 Qc7 12. Ne3 Bg6 13. Nh4 Bh5
14. Bf3 Bxf3 15. Qxf3 Nd5 16. Nxd5 cxd5 17. Qxd5+ Kh8 18. c3 Bxh4 19. gxh4 Rf6
20. f3 Rg6+ 21. Kf2 Nf6 22. Qc4 Qd7 23. Rg1 Rxg1 24. Rxg1 b5 25. Qb4 Nd5 26.
Qg4 Qf7 27. Ke2 Rf8 28. Qg3 Nf4+ 29. Kd2 g6 30. Ba3 Qf5 31. Kc1 Ne2+ 0-1